All Colorado Cities on a Map - Statistics

General Stats
  • This quiz has been taken 21 times
  • The average score is 85 of 468
Answers on the Map
Answers color-coded by a green-red scale on the quiz's map according to % correct below.
 
Answer Stats
City Population % Correct
Denver 729,019
100%
Aurora 403,130
87%
Colorado Springs 493,554
87%
Grand Junction 70,554
87%
Pueblo 111,166
87%
Boulder 106,803
80%
Fort Collins 170,924
80%
Arvada 121,873
73%
Lakewood 156,868
73%
Aspen 6,556
67%
Centennial 108,853
67%
Durango 19,811
67%
Greeley 114,363
67%
Montrose 21,646
67%
Steamboat Springs 13,620
67%
Thornton 146,689
67%
Vail 4,466
67%
Alamosa 9,906
60%
Cañon City 17,193
60%
Castle Rock 83,213
60%
Golden 20,151
60%
Craig 8,903
53%
Gunnison 6,821
53%
Littleton 44,879
53%
Ouray 912
53%
Telluride 2,486
53%
Westminster 115,302
53%
Broomfield 78,323
47%
Cortez 9,151
47%
Fort Morgan 11,835
47%
Fruita 13,912
47%
Glenwood Springs 10,311
47%
Leadville 2,624
47%
Longmont 99,818
47%
Rifle 10,663
47%
Breckenridge 4,892
40%
Buena Vista 3,127
40%
Cripple Creek 1,122
40%
Delta 9,688
40%
Dinosaur 247
40%
Eagle 7,349
40%
Englewood 35,238
40%
Highlands Ranch 101,437
40%
Limon 1,992
40%
Loveland 81,102
40%
Manitou Springs 4,607
40%
Parker 65,473
40%
Silverton 731
40%
Sterling 13,114
40%
Trinidad 8,183
40%
Wheat Ridge 31,999
40%
Brighton 43,473
33%
Commerce City 70,245
33%
Estes Park 5,795
33%
Fairplay 755
33%
Fountain 29,457
33%
Granby 2,305
33%
La Junta 6,986
33%
Lamar 7,641
33%
Las Animas 2,361
33%
Manassa 965
33%
Monument 13,408
33%
Pagosa Springs 1,793
33%
Rocky Ford 3,781
33%
Salida 6,007
33%
Walsenburg 3,035
33%
Winter Park 1,192
33%
Antonito 621
27%
Avon 5,898
27%
Bayfield 2,923
27%
Black Forest 14,658
27%
Blanca 342
27%
Burlington 3,171
27%
Carbondale 6,758
27%
Castle Pines 15,162
27%
Central City 793
27%
Colorado City 1,791
27%
Columbine 25,681
27%
Crested Butte 1,643
27%
Del Norte 1,410
27%
Dove Creek 663
27%
Erie 38,594
27%
Evans 22,394
27%
Florence 3,883
27%
Georgetown 1,257
27%
Gypsum 9,218
27%
Hayden 1,920
27%
Idaho Springs 1,699
27%
Ignacio 847
27%
Julesburg 1,223
27%
Kiowa 734
27%
Kit Carson 246
27%
Lake City 413
27%
Larkspur 223
27%
Louisville 20,811
27%
Meeker 2,390
27%
Monte Vista 4,030
27%
Morrison 394
27%
Parachute 1,362
27%
Pitkin 73
27%
Poncha Springs 1,358
27%
Pueblo West 34,992
27%
Rangely 2,289
27%
Saguache 530
27%
San Luis 628
27%
Silverthorne 5,220
27%
Springfield 1,298
27%
Victor 363
27%
Air Force Academy 6,701
20%
Akron 1,745
20%
Arapahoe 43
20%
Basalt 4,001
20%
Berthoud 13,648
20%
Center 1,889
20%
Cherry Creek 11,011
20%
Cherry Hills Village 6,349
20%
Clifton 19,746
20%
Collbran 365
20%
Dolores 937
20%
Eads 637
20%
Edwards 10,415
20%
Elizabeth 2,773
20%
Firestone 19,396
20%
Fort Carson 18,447
20%
Frisco 2,732
20%
Fruitvale 7,998
20%
Grand Lake 400
20%
Greenwood Village 15,288
20%
Holly 843
20%
Holyoke 2,296
20%
Hooper 77
20%
Hot Sulphur Springs 654
20%
Hugo 771
20%
Johnstown 20,639
20%
Ken Caryl 33,407
20%
Keystone 1,111
20%
Lafayette 30,587
20%
La Jara 706
20%
Lakeside 15
20%
Lochbuie 8,599
20%
Lone Tree 14,061
20%
Mancos 1,272
20%
Moffat 106
20%
Montezuma 71
20%
Mount Crested Butte 953
20%
Nederland 1,487
20%
New Castle 4,894
20%
Northglenn 38,287
20%
Olathe 1,970
20%
Orchard 87
20%
Orchard City 3,276
20%
Orchard Mesa 6,597
20%
Palisade 2,600
20%
Palmer Lake 2,575
20%
Paonia 1,464
20%
Ridgway 1,281
20%
Security-Widefield 38,659
20%
Sheridan 5,932
20%
Silt 3,727
20%
Snowmass Village 2,925
20%
South Fork 504
20%
Towaoc 1,058
20%
Walden 557
20%
Westcliffe 492
20%
Windsor 41,734
20%
Woodland Park 8,043
20%
Wray 2,363
20%
Yampa 390
20%
Aguilar 447
13%
Alamosa East 1,404
13%
Alma 316
13%
Applewood 8,120
13%
Battlement Mesa 5,402
13%
Bennett 3,916
13%
Berkley 10,838
13%
Beulah Valley 762
13%
Black Hawk 120
13%
Blue River 836
13%
Bonanza 12
13%
Bow Mar 833
13%
Brush 5,370
13%
Campo 97
13%
Capulin 291
13%
Castle Pines Village 4,441
13%
Cedaredge 2,432
13%
Cheyenne Wells 720
13%
Cimarron Hills 18,808
13%
Coal Creek 2,725
13%
Colona 69
13%
Columbine Valley 1,683
13%
Copper Mountain 321
13%
Crawford 407
13%
Crestone 140
13%
Crowley 159
13%
Dacono 6,748
13%
Dakota Ridge 34,159
13%
De Beque 478
13%
Deer Trail 1,624
13%
Dillon 1,013
13%
Divide 88
13%
East Pleasant View 625
13%
Eaton 5,839
13%
Edgewater 4,880
13%
Elbert 150
13%
Eldora 440
13%
Eldorado Springs 355
13%
El Jebel 3,935
13%
Ellicott 1,337
13%
Evergreen 8,643
13%
Fairmount 10,521
13%
Federal Heights 13,971
13%
Flagler 583
13%
Florissant 156
13%
Fort Lupton 9,948
13%
Four Square Mile 21,788
13%
Fowler 1,203
13%
Foxfield 744
13%
Fraser 1,515
13%
Frederick 17,937
13%
Garden City 250
13%
Glendale 4,536
13%
Goldfield 160
13%
Granada 447
13%
Green Mountain Falls 608
13%
Gunbarrel 10,424
13%
Haxtun 967
13%
Hotchkiss 942
13%
Indian Hills 1,320
13%
Jamestown 246
13%
Keenesburg 2,054
13%
Kersey 1,499
13%
Kim 65
13%
Kittredge 843
13%
Kremmling 1,436
13%
La Salle 2,303
13%
La Veta 869
13%
Lazear 164
13%
Leadville North 1,470
13%
Loma 1,365
13%
Lyons 2,155
13%
Manzanola 326
13%
Marble 135
13%
Marvel 91
13%
Merino 278
13%
Minturn 955
13%
Mountain View 521
13%
Mountain Village 1,240
13%
Naturita 481
13%
No Name 248
13%
North Washington 311
13%
Norwood 523
13%
Nucla 590
13%
Oak Creek 856
13%
Ophir 186
13%
Penrose 3,978
13%
Phippsburg 399
13%
Placerville 336
13%
Platteville 2,904
13%
Ponderosa Park 3,556
13%
Portland 117
13%
Redlands 8,771
13%
Redstone 157
13%
Redvale 405
13%
Rico 336
13%
Romeo 311
13%
Roxborough Park 9,365
13%
Rye 203
13%
Sanford 900
13%
Sawpit 39
13%
Sedgwick 164
13%
Severance 11,554
13%
Sherrelwood 19,368
13%
Silver Cliff 703
13%
Sterling Ranch 2,530
13%
Stratmoor 6,396
13%
Superior 13,654
13%
Swink 587
13%
Tabernash 797
13%
The Pinery 11,740
13%
Timnath 10,848
13%
Twin Lakes 8,783
13%
Watkins 1,087
13%
Welby 16,232
13%
Wellington 12,100
13%
West Pleasant View 5,221
13%
Wiggins 1,872
13%
Woodmoor 8,819
13%
Woody Creek 123
13%
Yuma 3,472
13%
Acres Green 2,709
7%
Aetna Estates 1,177
7%
Allenspark 826
7%
Alpine 99
7%
Altona 532
7%
Amherst 84
7%
Arboles 396
7%
Aristocrat Ranchettes 2,335
7%
Arriba 199
7%
Aspen Park 724
7%
Atwood 188
7%
Ault 2,660
7%
Avondale 298
7%
Bark Ranch 117
7%
Bethune 185
7%
Blende 646
7%
Blue Sky 142
7%
Blue Valley 169
7%
Bonanza Mountain Estates 132
7%
Boone 308
7%
Brandon 19
7%
Branson 57
7%
Brick Center 82
7%
Briggsdale 86
7%
Brook Forest 408
7%
Brookside 241
7%
Byers 1,804
7%
Calhan 730
7%
Cascade-Chipita Park 1,158
7%
Cathedral 26
7%
Catherine 292
7%
Cattle Creek 339
7%
Chacra 449
7%
Cheraw 231
7%
City of Creede 281
7%
Coaldale 276
7%
Cokedale 128
7%
Comanche Creek 389
7%
Cope 55
7%
Cotopaxi 34
7%
Crisman 253
7%
Crook 125
7%
Derby 8,692
7%
Dotsero 1,321
7%
Dove Valley 5,313
7%
Downieville-Lawson-Dumont 478
7%
Echo Hills 368
7%
Eckley 236
7%
El Moro 203
7%
Empire 324
7%
Fleming 422
7%
Floyd Hill 850
7%
Fort Garland 426
7%
Franktown 405
7%
Gardner 59
7%
Genesee 3,826
7%
Genoa 154
7%
Gerrard 359
7%
Gilcrest 1,017
7%
Gleneagle 6,207
7%
Gold Hill 288
7%
Grand View Estates 736
7%
Grover 152
7%
Guffey 29
7%
Hartman 57
7%
Hasty 94
7%
Haswell 69
7%
Heeney 93
7%
Hidden Lake 30
7%
Hillrose 317
7%
Hoehne 68
7%
Holly Hills 2,652
7%
Howard 1,159
7%
Hudson 1,617
7%
Idalia 94
7%
Idledale 306
7%
Iliff 240
7%
Inverness 3,088
7%
Jackson Lake 218
7%
Jansen 94
7%
Joes 107
7%
Johnson Village 199
7%
Kirk 29
7%
Laird 5
7%
La Junta Gardens 122
7%
Laporte 2,123
7%
Lazy Acres 1,056
7%
Lewis 349
7%
Lincoln Park 4,315
7%
Loghill Village 665
7%
Log Lane Village 938
7%
Louviers 274
7%
Lynn 6
7%
Matheson 20
7%
Maybell 38
7%
Maysville 190
7%
McClave 74
7%
Mead 6,735
7%
Meridian 5,058
7%
Meridian Village 2,768
7%
Midland 178
7%
Milliken 9,102
7%
Morgan Heights 261
7%
Mountain Meadows 205
7%
Mulford 537
7%
Nathrop 111
7%
Niwot 3,773
7%
North La Junta 512
7%
Nunn 533
7%
Olney Springs 295
7%
Ordway 1,067
7%
Otis 507
7%
Ovid 256
7%
Padroni 23
7%
Paoli 50
7%
Paragon Estates 767
7%
Park Center 2,544
7%
Parshall 34
7%
Peetz 203
7%
Peoria 71
7%
Perry Park 1,801
7%
Peyton 120
7%
Piedra 50
7%
Pierce 1,087
7%
Pine Brook Hill 497
7%
Pine Valley 391
7%
Pritchett 108
7%
Ramah 106
7%
Raymer 110
7%
Red Cliff 241
7%
Red Feather Lakes 347
7%
Rock Creek Park 126
7%
Rockvale 533
7%
Rollinsville 294
7%
Saddle Ridge 58
7%
Salt Creek 852
7%
San Acacio 23
7%
Sedalia 49
7%
Segundo 149
7%
Seibert 177
7%
Seven Hills 44
7%
Shaw Heights 5,309
7%
Sheridan Lake 54
7%
Sierra Ridge 3,264
7%
Silver Plume 188
7%
Simla 583
7%
Smeltertown 127
7%
Snyder 27
7%
Southern Ute 126
7%
St. Ann Highlands 483
7%
Starkville 65
7%
Stepping Stone 3,079
7%
St. Mary's 130
7%
Stonegate 9,164
7%
Stonewall Gap 61
7%
Strasburg 3,249
7%
Stratton 651
7%
Sugar City 246
7%
Sugarloaf 442
7%
Sunshine 240
7%
Tall Timber 376
7%
Todd Creek 5,069
7%
Towner 23
7%
Trail Side 85
7%
Two Buttes 32
7%
Upper Bear Creek 980
7%
Upper Witter Gulch 588
7%
Valdez 8
7%
Valmont 68
7%
Vilas 98
7%
Vineland 332
7%
Vona 90
7%
Walsh 516
7%
Ward 127
7%
Weldona 105
7%
Westcreek 237
7%
Weston 42
7%
Wiley 437
7%
Williamsburg 782
7%
No matching quizzes found
Score Distribution
Percent of People with Each Score
Percentile by Number Answered
Your Score History
You have not taken this quiz